|
|
|
|
| LEADER |
00000cam a2200000 a 4500 |
| 001 |
vtls008347232 |
| 003 |
SK-MaSNL |
| 005 |
20260302015148.0 |
| 008 |
240318s1966 xo o 000 0 slo |
| 015 |
|
|
|a SNBA1966/07-01111
|
| 020 |
|
|
|q (viaz.)
|
| 035 |
|
|
|a SK01SNK19660039449
|
| 035 |
|
|
|a SKM000041912
|
| 040 |
|
|
|a SNK
|b slo
|c SNK
|e AACR2
|
| 041 |
1 |
|
|a slo
|h pol
|
| 044 |
|
|
|a xo
|c SK
|
| 080 |
|
|
|a 621.397.62
|2 1981
|
| 080 |
|
|
|a (035)
|2 1981
|
| 100 |
1 |
|
|a Trusz, Wlodzimierz
|4 aut
|9 308117
|
| 240 |
1 |
0 |
|a ABC napravy odbornikow telewizyjnych
|l Slovensky
|
| 245 |
1 |
0 |
|a ABC opravy televízorov
|b ... pre rádioamatérov, majiteľov televíz. prijímačov, opravárov a pre školenie učňov odb. škôl
|c Wlodzimierz Trusz ; [z poľského originálu ... preložil Jozef Tomik]
|
| 260 |
|
|
|a Bratislava
|b Slovenské vydavateľstvo technickej literatúry
|c 1966
|e Bratislava
|f Polygrafické závody 02
|
| 300 |
|
|
|a 313, [5] s., [8] sch. príl.
|b fotogr., obr., tab.
|c 20 cm
|
| 366 |
|
|
|e 10 000 výtl.
|
| 490 |
1 |
|
|a Edícia elektrotechnickej literatúry
|
| 650 |
0 |
7 |
|a televízne prijímače
|2 SNKPH
|9 75036
|
| 650 |
0 |
7 |
|a opravy
|2 SNKPH
|9 388692
|
| 655 |
|
7 |
|a príručky
|2 SNKPH
|9 74364
|
| 700 |
1 |
|
|a Tomík, Jozef
|4 trl
|9 308119
|
| 830 |
|
0 |
|a Edícia elektrotechnickej literatúry
|9 270875
|
| 852 |
|
|
|a Slovenská národná knižnica
|
| 958 |
|
|
|a OND
|
| 958 |
|
|
|a TL
|
| 958 |
|
|
|a RK
|
| 958 |
|
|
|a OP
|
| 958 |
|
|
|a PL
|
| 999 |
|
|
|c 1019986
|d 1021916
|
| 952 |
|
|
|a SNK
|b SNK
|y PREZ
|7 0
|p 17A0291453
|o snkSC 21655
|0 0
|1 0
|4 0
|d 2012-08-27
|l 0
|r 2026-02-24 13:21:03
|w 2026-02-24
|
| 952 |
|
|
|a SNK
|b SNK
|y PREZ
|7 0
|p 17A0892238
|o snkSC 21655/príl.1-5
|0 0
|1 0
|4 0
|d 2012-08-27
|l 0
|r 2026-02-24 13:21:03
|w 2026-02-24
|
| 952 |
|
|
|a SNK
|b SNK
|y VYP
|7 0
|p 17A0291452
|o snkSC 21655 D1
|i snkKSP 4634/66
|0 0
|1 0
|4 0
|d 2007-12-06
|l 0
|r 2026-02-24 13:21:03
|w 2026-02-24
|
| 952 |
|
|
|a SNK
|b SNK
|y VYP
|7 0
|p 17A0568534
|o snkSC 21655/príl.1-5 D1
|i snkKSP 4634/66
|0 0
|1 0
|4 0
|d 2007-12-06
|l 0
|r 2026-02-24 13:21:03
|w 2026-02-24
|